<?xml version="1.0" encoding="UTF-8"?>
<collection xmlns:xsi="http://www.w3.org/2001/XMLSchema-instance" xsi:schemaLocation="http://www.loc.gov/MARC21/slim http://www.loc.gov/standards/marcxml/schema/MARC21slim.xsd" xmlns="http://www.loc.gov/MARC21/slim">
 <record>
  <leader>00000ctm a22000004i 4500</leader>
  <controlfield tag="001">UP-99796217612279760</controlfield>
  <controlfield tag="003">Buklod</controlfield>
  <controlfield tag="005">20161027170055.0</controlfield>
  <controlfield tag="006">m    |o  d |      </controlfield>
  <controlfield tag="007">ta</controlfield>
  <controlfield tag="008">161027s2016    xx     d     r    |||| u|</controlfield>
  <datafield tag="035" ind1=" " ind2=" ">
   <subfield code="a">(iLib)UPD-00259710686</subfield>
  </datafield>
  <datafield tag="040" ind1=" " ind2=" ">
   <subfield code="a">DENG</subfield>
   <subfield code="e">rda</subfield>
  </datafield>
  <datafield tag="041" ind1=" " ind2=" ">
   <subfield code="a">eng</subfield>
  </datafield>
  <datafield tag="042" ind1=" " ind2=" ">
   <subfield code="a">DMLUC</subfield>
  </datafield>
  <datafield tag="090" ind1=" " ind2=" ">
   <subfield code="a">LG 995 2016 E653</subfield>
   <subfield code="b">D43</subfield>
  </datafield>
  <datafield tag="100" ind1="1" ind2=" ">
   <subfield code="a">De Castro, Maria Leah Flor A.</subfield>
   <subfield code="e">author.</subfield>
  </datafield>
  <datafield tag="245" ind1="1" ind2="0">
   <subfield code="a">Adsorption of methylene blue using EDTA-modified Philippine bentonite</subfield>
   <subfield code="c">Maria Leah Flor A. De Castro ; Mark Daniel G. De Luna, adviser.</subfield>
  </datafield>
  <datafield tag="264" ind1=" " ind2="0">
   <subfield code="a">Quezon City</subfield>
   <subfield code="b">College of Engineering, University of the Philippines Diliman</subfield>
   <subfield code="c">2016.</subfield>
  </datafield>
  <datafield tag="300" ind1=" " ind2=" ">
   <subfield code="a">x, 58 leaves</subfield>
   <subfield code="b">illustrations</subfield>
   <subfield code="c">28 cm</subfield>
  </datafield>
  <datafield tag="336" ind1=" " ind2=" ">
   <subfield code="a">text</subfield>
   <subfield code="2">rdacontent</subfield>
  </datafield>
  <datafield tag="337" ind1=" " ind2=" ">
   <subfield code="a">unmediated</subfield>
   <subfield code="2">rdamedia</subfield>
  </datafield>
  <datafield tag="338" ind1=" " ind2=" ">
   <subfield code="a">volume</subfield>
   <subfield code="2">rdacarrier</subfield>
  </datafield>
  <datafield tag="502" ind1=" " ind2=" ">
   <subfield code="a">Thesis (M.S. Environmental Engineering)--University of the Philippines Diliman</subfield>
   <subfield code="d">July 2016.</subfield>
  </datafield>
  <datafield tag="506" ind1=" " ind2=" ">
   <subfield code="a">Available to the general public.</subfield>
  </datafield>
  <datafield tag="520" ind1="3" ind2=" ">
   <subfield code="a">Dyes are hazardous and highly noticeable pollutants that are commonly found in industrial wastewaters. The removal of these pollutants can be complex and expensive This study evaluates the performance of adsorption using EDTA-modified Philippine bentonite as a low-cost, readily available treatment method for wastewater contaminated with methylene blue. The bentonite was modified using EDTA or ethylenediaminetetraacetic acid in basic conditions and subsequently characterized by SEM, FTIR, XRF-EDX, XRD and Dynamic Light Scattering analyses for surface morphology, presence of surface functional groups, elemental composition, chemical composition and particle size, respectively. The results showed that the EDTA-modified bentonite has better adsorption capacity than unmodified bentonite. At a dosage of 20 mg per 50 ml of 100 mg/L MB solution, the modified bentonite achieved its highest q of 162.29 mg g-1 while the unmodified adsorbent had a q of 116.13 mg g-1. Adsorption capacity increases with increasing initial solution pH and contact time, and decreases with increasing ionic strength of NaCl, KCl and NaNO3 in solution, initial dye concentration and temperature. The Langmuir isotherm model best describes the adsorption equilibrium of the process (qm 160.26 mg g-1, KL = 3.45 L mg-1, Rl = 0.0029, Adj R2 = 0.99808) while the Pseudo- Second Order kinetic model best describes its adsorption kinetics (qe = 172.71 mg g-1, k2 = 0.0011 g mg-1 min, Adj R2 = 0.99713). Thermodynamic study also shows that the process is a spontaneous (ΔG &lt; 0), exothermic (ΔH&lt; 0) and reversible (ΔS &lt; 0) physisorption.</subfield>
  </datafield>
  <datafield tag="650" ind1=" " ind2="0">
   <subfield code="a">Methylene blue.</subfield>
  </datafield>
  <datafield tag="650" ind1=" " ind2="0">
   <subfield code="a">Bentonite.</subfield>
  </datafield>
  <datafield tag="650" ind1=" " ind2="0">
   <subfield code="a">Adsorption.</subfield>
  </datafield>
  <datafield tag="700" ind1="1" ind2=" ">
   <subfield code="a">De Luna, Mark Daniel G.</subfield>
   <subfield code="e">adviser.</subfield>
  </datafield>
  <datafield tag="905" ind1=" " ind2=" ">
   <subfield code="a">FI</subfield>
  </datafield>
  <datafield tag="905" ind1=" " ind2=" ">
   <subfield code="a">UP</subfield>
  </datafield>
  <datafield tag="852" ind1="0" ind2=" ">
   <subfield code="a">UPD</subfield>
   <subfield code="b">DARCHIVES</subfield>
   <subfield code="h">LG 995 2016 E653</subfield>
   <subfield code="i">D43</subfield>
  </datafield>
  <datafield tag="852" ind1="0" ind2=" ">
   <subfield code="a">UPD</subfield>
   <subfield code="b">DENG-II</subfield>
   <subfield code="h">LG 995 2016 E653</subfield>
   <subfield code="i">D43</subfield>
  </datafield>
  <datafield tag="942" ind1=" " ind2=" ">
   <subfield code="a">Thesis</subfield>
  </datafield>
 </record>
</collection>
